Analýza, návrh a implementácia hybridnej mobilnej aplikácie diplomová práca

Gespeichert in:
Bibliographische Detailangaben
1. Verfasser: Siváková, Soňa
Körperschaft: Fakulta hospodárskej informatiky EU. Katedra aplikovanej informatiky
Weitere Verfasser: Kršjak, Miroslav
Format: Buch
Sprache:Slowakisch
Veröffentlicht: Bratislava 2016
Tags: Tag hinzufügen
Keine Tags, Fügen Sie das erste Tag hinzu!

MARC

LEADER 00000nbm a2200000 4500
001 0218939
005 20170306134407.2
041 0 |a slo 
044 |a SK 
245 1 0 |a Analýza, návrh a implementácia hybridnej mobilnej aplikácie  |b diplomová práca  |c Soňa Siváková ; školiteľ: Miroslav Kršjak 
264 1 |a Bratislava  |c 2016 
300 |a 59 s. 
100 1 |a Siváková, Soňa 
700 1 |a Kršjak, Miroslav 
710 2 |a Fakulta hospodárskej informatiky EU. Katedra aplikovanej informatiky